[Event "Turkey Cup 2020"]
[Site "Antalya-Belek"]
[Date "2020.01.30"]
[Round "7.71"]
[White "Celik, Hilmi"]
[Black "Gundogan, Sinem Cagla"]
[Result "0-1"]
[WhiteElo "1675"]
[BlackElo "1808"]
[Annotator "NA RC"]
[PlyCount "132"]
[EventDate "2020.01.26"]
[EventType "swiss"]
[EventCountry "TUR"]
[SourceTitle "playchess.com"]
[Source "ChessBase"]
[SourceQuality "1"]

1. b3 d5 2. Bb2 Bf5 3. Nf3 h6 4. e3 e6 5. c4 Nf6 6. Be2 Be7 7. d3 O-O 8. Nbd2 c5 9. O-O Nc6 10. Ne5 Qc7 11. Ndf3 Rfd8 12. Nxc6 bxc6 13. Be5 Qc8 14. Qc1 Nd7 15. Bc3 a5 16. a4 Qc7 17. Qc2 Bh7 18. Qb2 Bf6 19. Bxf6 Nxf6 20. d4 Ne4 21. Bd3 Rab8 22. Bxe4 Bxe4 23. Nd2 Bd3 24. Rfc1 cxd4 25. exd4 Qf4 26. cxd5 Rxd5 27. Rxc6 Rxd4 28. Qc3 Rbd8 29. Nf3 R4d5 30. Rc8 Rxc8 31. Qxc8+ Kh7 32. Qc3 Be4 33. Ne1 Rd2 34. f3 Bd5 35. g3 Qd4+ 36. Qxd4 Rxd4 37. Rb1 Rb4 38. Nd3 Rxb3 39. Rxb3 Bxb3 40. Nc5 Bd5 41. Kf2 g5 42. Ke3 Kg6 43. f4 gxf4+ 44. Kxf4 f6 45. Nd3 e5+ 46. Ke3 Bc6 47. Nc5 Kf5 48. h4 Kg4 49. Kf2 e4 50. Nb3 Bxa4 51. Nxa5 e3+ 52. Kxe3 Kxg3 53. h5 f5 54. Nc4 f4+ 55. Ke4 Bb3 56. Nd2 Bd1 57. Kf5 Bxh5 58. Ne4+ Kf3 59. Nd6 Bg4+ 60. Kg6 h5 61. Kg5 Ke3 62. Nc4+ Kd4 63. Nd2 Kd3 64. Nf1 Ke2 65. Kxf4 Kxf1 66. Kg3 Kg1 0-1

[Event "Turkey Cup 2020"]
[Site "Antalya-Belek"]
[Date "2020.01.30"]
[Round "7.72"]
[White "Benk, Tolga Tugay"]
[Black "Ozeler, Nedim"]
[Result "1-0"]
[WhiteElo "1821"]
[BlackElo "1667"]
[Annotator "NA RC"]
[PlyCount "65"]
[EventDate "2020.01.26"]
[EventType "swiss"]
[EventCountry "TUR"]
[SourceTitle "playchess.com"]
[Source "ChessBase"]
[SourceQuality "1"]

1. d4 d5 2. Nf3 Nf6 3. Bf4 e6 4. e3 Bd6 5. Bg3 Ne4 6. Bd3 f5 7. O-O O-O 8. Nbd2 b6 9. Ne5 c5 10. Bxe4 fxe4 11. f3 cxd4 12. exd4 e3 13. Nb3 Ba6 14. Re1 e2 15. Qd2 Nd7 16. Nxd7 Bxg3 17. Nxf8 Bxe1 18. Rxe1 Qxf8 19. Nc1 Rc8 20. Nxe2 Qf5 21. c3 Rc6 22. Ng3 Qf6 23. Re5 g6 24. Qh6 Bd3 25. Nh5 Qf7 26. Qe3 Ba6 27. Nf4 Bc8 28. Nxd5 b5 29. Nf4 b4 30. d5 Rd6 31. c4 Ra6 32. dxe6 Qe8 33. Nd5 1-0

[Event "Turkey Cup 2020"]
[Site "Antalya-Belek"]
[Date "2020.01.30"]
[Round "7.73"]
[White "Yildirim, Kemal"]
[Black "Sat, Eray"]
[Result "1/2-1/2"]
[WhiteElo "1695"]
[BlackElo "1781"]
[Annotator "NA RC"]
[PlyCount "88"]
[EventDate "2020.01.26"]
[EventType "swiss"]
[EventCountry "TUR"]
[SourceTitle "playchess.com"]
[Source "ChessBase"]
[SourceQuality "1"]

1. e4 c5 2. Nf3 d6 3. Bb5+ Nd7 4. c3 Ngf6 5. Qe2 e5 6. O-O Be7 7. d4 O-O 8. Rd1 Qc7 9. Nbd2 a6 10. Bd3 b5 11. Nf1 Re8 12. dxe5 dxe5 13. Ng3 c4 14. Bc2 h6 15. Nh4 Bf8 16. Nhf5 Kh7 17. h4 Nc5 18. Qf3 Re6 19. Ne3 Bb7 20. Nd5 Qc6 21. h5 Kh8 22. Nf5 Rd8 23. Nxf6 Rxd1+ 24. Qxd1 Rxf6 25. f3 Re6 26. Be3 Re8 27. Qd2 Ne6 28. Rd1 Bc5 29. Bxc5 Qxc5+ 30. Qf2 Qxf2+ 31. Kxf2 Rd8 32. Rxd8+ Nxd8 33. a4 Kg8 34. axb5 axb5 35. b3 cxb3 36. Bxb3 Ne6 37. Bd5 Ba6 38. Nd6 Kf8 39. g3 Ke7 40. Nf5+ Kf6 41. Ke3 Nc7 42. Bb3 Ne8 43. Bd5 Nc7 44. Bb3 Ne8 1/2-1/2

[Event "Turkey Cup 2020"]
[Site "Antalya-Belek"]
[Date "2020.01.30"]
[Round "7.74"]
[White "Gur, Tuba"]
[Black "Demirkesen, Mehmet Cihad"]
[Result "1-0"]
[WhiteElo "1782"]
[BlackElo "1592"]
[Annotator "NA RC"]
[PlyCount "139"]
[EventDate "2020.01.26"]
[EventType "swiss"]
[EventCountry "TUR"]
[SourceTitle "playchess.com"]
[Source "ChessBase"]
[SourceQuality "1"]

1. Nf3 c5 2. e3 Nc6 3. d4 cxd4 4. exd4 e6 5. Bd3 g6 6. O-O Bg7 7. c3 Qc7 8. g3 Nge7 9. Bf4 Qb6 10. Qb3 Nd5 11. Qxb6 Nxb6 12. Bd6 Bf8 13. Bxf8 Kxf8 14. Nbd2 d5 15. h4 h6 16. Rae1 Kg7 17. Re2 a6 18. Ne5 Nxe5 19. dxe5 Bd7 20. Nb3 Rac8 21. Nd4 Rhf8 22. h5 Rc7 23. f4 Nc8 24. Rg2 Ne7 25. g4 Nc6 26. Ne2 g5 27. Nd4 Nxd4 28. cxd4 f6 29. fxg5 hxg5 30. Rgf2 f5 31. gxf5 exf5 32. Bxf5 Bxf5 33. Rxf5 Rxf5 34. Rxf5 Kh6 35. e6 Re7 36. Rf6+ Kxh5 37. Kf2 g4 38. Rf5+ Kh4 39. Re5 g3+ 40. Kf3 b6 41. b3 a5 42. a4 g2 43. Kxg2 Kg4 44. Kf2 Kf4 45. Ke2 Kg4 46. Ke3 Kg3 47. Kd3 Kf3 48. Rf5+ Kg4 49. Rxd5 Rxe6 50. Re5 Rc6 51. Ke4 Rc1 52. Rb5 Re1+ 53. Kd5 Kf4 54. Rxb6 Rd1 55. Re6 Kf5 56. Re5+ Kf6 57. Kc4 Rc1+ 58. Kd3 Rd1+ 59. Kc3 Rc1+ 60. Kd2 Rb1 61. Rb5 Ke6 62. Kc2 Rg1 63. Rxa5 Rg3 64. Rc5 Kd6 65. a5 Kd7 66. b4 Kd6 67. a6 Ra3 68. Ra5 Rxa5 69. bxa5 Kc7 70. d5 1-0

[Event "Turkey Cup 2020"]
[Site "Antalya-Belek"]
[Date "2020.01.30"]
[Round "7.76"]
[White "Baylav, Bartu"]
[Black "Erke, Mustafa Yigit"]
[Result "1-0"]
[WhiteElo "1777"]
[BlackElo "1548"]
[Annotator "NA"]
[PlyCount "137"]
[EventDate "2020.01.26"]
[EventType "swiss"]
[EventCountry "TUR"]
[SourceTitle "playchess.com"]
[Source "ChessBase"]
[SourceQuality "1"]

1. d4 d5 2. Nf3 Nf6 3. Bg5 Nbd7 4. e3 h6 5. Bxf6 Nxf6 6. Bd3 c5 7. c3 Qb6 8. Qc1 a5 9. O-O a4 10. a3 c4 11. Bc2 Bd7 12. Nbd2 Ra5 13. Ne5 e6 14. e4 Bd6 15. Nxd7 Nxd7 16. exd5 O-O 17. Nxc4 Bxh2+ 18. Kh1 Qd8 19. Kxh2 Qc7+ 20. Ne5 f6 21. dxe6 fxe5 22. exd7 e4+ 23. g3 Rh5+ 24. Kg2 Qxd7 25. Rh1 Rhf5 26. Qd2 Rxf2+ 27. Qxf2 Rxf2+ 28. Kxf2 Qf5+ 29. Kg1 Qf3 30. Bxe4 Qe3+ 31. Kh2 Qxe4 32. Rhg1 h5 33. Rae1 Qg4 34. Re3 h4 35. gxh4 Qxh4+ 36. Rh3 Qf4+ 37. Rhg3 Qh4+ 38. Kg2 Qe4+ 39. Kh3 Qf5+ 40. Rg4 Qf3+ 41. Kh2 Kf8 42. R1g2 Qe3 43. Rg5 Qf4+ 44. Kh3 b5 45. R2g4 Qf1+ 46. Kg3 Qg1+ 47. Kf3 Qh1+ 48. Rg2 Qh3+ 49. Ke4 Qe6+ 50. Kd3 Qh3+ 51. Kc2 Qh7+ 52. Kd2 Qh6 53. Kc2 Qh7+ 54. Kc1 Qh6 55. Kb1 Qh7+ 56. Ka1 Qd3 57. Rg1 b4 58. cxb4 Qxd4 59. Rxg7 Qf2 60. R7g2 Qf5 61. Rc1 Qf3 62. Rgc2 Qb3 63. Rc3 Qd5 64. Rc4 Ke7 65. Rc7+ Kd8 66. R7c5 Qb3 67. R1c3 Qd1+ 68. Ka2 Qd6 69. Rc8+ 1-0

[Event "Turkey Cup 2020"]
[Site "Antalya-Belek"]
[Date "2020.01.30"]
[Round "7.78"]
[White "Kiziltas, Inanc Vefa"]
[Black "Yakar, Azat"]
[Result "1-0"]
[WhiteElo "1803"]
[BlackElo "1469"]
[Annotator "NA RC"]
[PlyCount "105"]
[EventDate "2020.01.26"]
[EventType "swiss"]
[EventCountry "TUR"]
[SourceTitle "playchess.com"]
[Source "ChessBase"]
[SourceQuality "1"]

1. e4 c5 2. Nf3 d6 3. d4 cxd4 4. Qxd4 Nc6 5. Bb5 Bd7 6. Bxc6 Bxc6 7. c4 Nf6 8. Nc3 g6 9. O-O Bg7 10. Qd3 O-O 11. Bf4 Rc8 12. Rac1 b6 13. Rfe1 Nd7 14. Qe3 Re8 15. Bh6 Ne5 16. Bxg7 Nxf3+ 17. Qxf3 Kxg7 18. Qg3 Bb7 19. b3 Qc7 20. h4 Qc5 21. Kh2 a6 22. Na4 Qa5 23. e5 dxe5 24. Rxe5 Qd2 25. Rce1 e6 26. Nxb6 Rcd8 27. R5e2 Qd4 28. Qe5+ Kg8 29. Qxd4 Rxd4 30. Kg3 h5 31. f3 Red8 32. Na4 Bc6 33. Nc5 a5 34. Rc2 Kg7 35. a3 Kf6 36. b4 axb4 37. axb4 Rc8 38. Ra1 g5 39. hxg5+ Kxg5 40. Ra7 h4+ 41. Kf2 Be8 42. Ke3 Rd1 43. Rd2 Re1+ 44. Kf2 Rb1 45. Ne4+ Kg6 46. Nd6 Rd8 47. b5 Bxb5 48. cxb5 Rxb5 49. Nxb5 Rxd2+ 50. Kg1 Rd3 51. Kh2 f6 52. Ra4 Kg5 53. Rg4+ 1-0

[Event "Turkey Cup 2020"]
[Site "Antalya-Belek"]
[Date "2020.01.30"]
[Round "7.80"]
[White "Yucesoy, Atil"]
[Black "Saglam, Baver"]
[Result "1/2-1/2"]
[WhiteElo "1680"]
[BlackElo "1364"]
[Annotator "NA RC"]
[PlyCount "119"]
[EventDate "2020.01.26"]
[EventType "swiss"]
[EventCountry "TUR"]
[SourceTitle "playchess.com"]
[Source "ChessBase"]
[SourceQuality "1"]

1. d4 d5 2. Bf4 Nf6 3. e3 Bf5 4. Nf3 e6 5. c4 Be7 6. Qb3 b6 7. Qa4+ Nfd7 8. cxd5 exd5 9. Bb5 O-O 10. Bc6 Nxc6 11. Qxc6 Nf6 12. Nc3 Rc8 13. Ne5 Bd6 14. Bg5 Bb4 15. O-O Bxc3 16. Qxc3 h6 17. Bxf6 Qxf6 18. Qc6 Qd8 19. g4 Bh7 20. Rac1 Kh8 21. Qd7 Qxd7 22. Nxd7 Rfe8 23. Ne5 Re7 24. Nc6 Rd7 25. Nxa7 Ra8 26. Nb5 Bd3 27. Nxc7 Rxa2 28. Rfe1 Bc4 29. b3 Rxc7 30. e4 Raa7 31. bxc4 dxc4 32. d5 b5 33. d6 Rc6 34. Red1 Rd7 35. e5 Kg8 36. Rd5 f6 37. f4 fxe5 38. fxe5 Rb6 39. Rb1 b4 40. Rc5 c3 41. Rxc3 Rbxd6 42. Rxb4 Re6 43. Rc5 Kf7 44. Kg2 Rg6 45. Kf3 Rg5 46. Rb6 Re7 47. Kf4 Ra7 48. e6+ Kf6 49. e7+ Kxe7 50. Rxg5 Ra4+ 51. Kf3 Ra3+ 52. Kf2 Ra2+ 53. Kg3 hxg5 54. Rg6 Ra3+ 55. Kf2 Ra2+ 56. Ke3 Rxh2 57. Rxg7+ Kf6 58. Ra7 Rg2 59. Kf3 Rd2 60. Ke4 1/2-1/2

[Event "Turkey Cup 2020"]
[Site "Antalya-Belek"]
[Date "2020.01.30"]
[Round "7.81"]
[White "Kahraman, Yusuf"]
[Black "Ozsarilar, Osman Nuri"]
[Result "1/2-1/2"]
[WhiteElo "1438"]
[BlackElo "1724"]
[Annotator "NA RC"]
[PlyCount "153"]
[EventDate "2020.01.26"]
[EventType "swiss"]
[EventCountry "TUR"]
[SourceTitle "playchess.com"]
[Source "ChessBase"]
[SourceQuality "1"]

1. e4 c5 2. Nf3 d6 3. Bc4 g6 4. Nc3 Bg7 5. d3 Nc6 6. O-O Bg4 7. Bxf7+ Kxf7 8. Ng5+ Ke8 9. Qxg4 Nh6 10. Qh3 Nd4 11. Ne6 Nxe6 12. Qxe6 Qd7 13. Qb3 Ng4 14. Ne2 Rf8 15. c3 Ne5 16. d4 c4 17. Qc2 Nd3 18. b3 Nxc1 19. Raxc1 Rc8 20. bxc4 Rxc4 21. Qb3 b5 22. Rb1 a6 23. Qa3 Qc6 24. f3 Kd7 25. Rb4 Bh6 26. Rd1 Rc8 27. Qb3 e6 28. Rxc4 Qxc4 29. Kf2 Qc6 30. Qb4 Qb6 31. Rb1 Qa7 32. Ke1 Rc4 33. Qa3 Ra4 34. Qb3 Qc7 35. Rb2 Qa5 36. f4 Rc4 37. g3 Bg7 38. e5 d5 39. h4 Bf8 40. h5 b4 41. Rc2 bxc3 42. Qb7+ Rc7 43. Qb8 Be7 44. hxg6 hxg6 45. Qb3 Bb4 46. Kf2 Rc4 47. Ke3 Qc7 48. Kd3 Qb6 49. a3 Qb5 50. Ke3 Ba5 51. Qxb5+ axb5 52. Kd3 Ra4 53. Ra2 b4 54. Kc2 bxa3 55. Nxc3 Rxd4 56. Rxa3 Bxc3 57. Kxc3 Rc4+ 58. Kd3 g5 59. Ra7+ Ke8 60. Ke3 Rc3+ 61. Kf2 gxf4 62. gxf4 Rb3 63. Rc7 Rh3 64. Ra7 d4 65. Ke2 Re3+ 66. Kf2 Rh3 67. Ke2 d3+ 68. Kd2 Rf3 69. Rb7 Kd8 70. Ra7 Ke8 71. Rb7 Rxf4 72. Kxd3 Ra4 73. Ke3 Kf8 74. Rc7 Rg4 75. Ra7 Rc4 76. Rb7 Ke8 77. Ra7 1/2-1/2

[Event "Turkey Cup 2020"]
[Site "Antalya-Belek"]
[Date "2020.01.30"]
[Round "7.82"]
[White "Yildirim, Ibrahim Halil"]
[Black "Atasoy, Ata"]
[Result "1-0"]
[WhiteElo "1794"]
[BlackElo "1527"]
[Annotator "NA RC"]
[PlyCount "61"]
[EventDate "2020.01.26"]
[EventType "swiss"]
[EventCountry "TUR"]
[SourceTitle "playchess.com"]
[Source "ChessBase"]
[SourceQuality "1"]

1. e4 c5 2. Nc3 e6 3. g3 d5 4. exd5 exd5 5. d4 c4 6. Bg2 Bb4 7. Nge2 Bg4 8. O-O Ne7 9. h3 Bxe2 10. Nxe2 Nbc6 11. c3 Bd6 12. Nf4 Bxf4 13. Bxf4 O-O 14. Re1 Qd7 15. Qf3 Rad8 16. h4 Nf5 17. Kh2 Rfe8 18. Bh3 g6 19. Bg5 Rc8 20. Qf4 Kg7 21. Bh6+ Kg8 22. Qg5 Rxe1 23. Rxe1 Qd8 24. Qf4 Qd7 25. Bg5 Qc7 26. Qf3 Qd7 27. Kg2 Kg7 28. g4 Nfe7 29. Qf6+ Kg8 30. Bh6 Nd8 31. Qg7# 1-0

[Event "Turkey Cup 2020"]
[Site "Antalya-Belek"]
[Date "2020.01.30"]
[Round "7.83"]
[White "Ozata, Doruk"]
[Black "Gursu, Ahmet Burak"]
[Result "0-1"]
[WhiteElo "1699"]
[BlackElo "1297"]
[Annotator "NA RC"]
[PlyCount "77"]
[EventDate "2020.01.26"]
[EventType "swiss"]
[EventCountry "TUR"]
[SourceTitle "playchess.com"]
[Source "ChessBase"]
[SourceQuality "1"]

1. e4 c6 2. Nc3 d5 3. Nf3 dxe4 4. Nxe4 Nf6 5. Ng3 Bg4 6. Bc4 e6 7. c3 Bd6 8. d4 Nbd7 9. O-O Qc7 10. Be2 O-O 11. Nd2 Bxe2 12. Qxe2 Rae8 13. Nc4 e5 14. dxe5 Nxe5 15. Nxd6 Qxd6 16. Rd1 Qe6 17. Qc2 Nd5 18. Bd2 f5 19. f3 f4 20. Ne4 Qg6 21. Kh1 Qh5 22. Rf1 Nc4 23. Rf2 Re6 24. Re1 Rg6 25. Bc1 Nce3 26. Bxe3 fxe3 27. Rff1 Nf4 28. Re2 Nxe2 29. Qxe2 Rf4 30. Rd1 Rxe4 31. Rd8+ Kf7 32. Qd3 Re7 33. Qc4+ Rge6 34. Qf4+ Rf6 35. Qc4+ Kg6 36. Rd4 h6 37. Qd3+ Qf5 38. Rg4+ Kh7 39. Qc4 0-1

[Event "Turkey Cup 2020"]
[Site "Antalya-Belek"]
[Date "2020.01.30"]
[Round "7.84"]
[White "Ince, Taylan Ruzgar"]
[Black "Bulut, Nazim"]
[Result "1-0"]
[WhiteElo "1704"]
[BlackElo "1506"]
[Annotator "NA RC"]
[PlyCount "99"]
[EventDate "2020.01.26"]
[EventType "swiss"]
[EventCountry "TUR"]
[SourceTitle "playchess.com"]
[Source "ChessBase"]
[SourceQuality "1"]

1. e4 g6 2. d4 Bg7 3. Nc3 e6 4. f4 Ne7 5. Nf3 d6 6. Bd3 Nd7 7. O-O b6 8. Be3 a6 9. f5 e5 10. dxe5 gxf5 11. exd6 cxd6 12. exf5 Nf6 13. Qe2 O-O 14. Qf2 b5 15. Qg3 Nxf5 16. Bxf5 Bxf5 17. Nd4 Bg6 18. Nf5 Nh5 19. Qg4 Be5 20. Nd5 Re8 21. Nh6+ Kg7 22. Nxf7 Qc8 23. Bh6+ Kg8 24. Nxe5 dxe5 25. Qxc8 Raxc8 26. g4 Be4 27. Nc3 Rxc3 28. bxc3 Ng7 29. Rf2 Bg6 30. Re1 e4 31. Rf6 Ne6 32. h4 Nc5 33. Ref1 Nd7 34. Rxa6 Ne5 35. Raf6 Nf3+ 36. Kg2 Nxh4+ 37. Kg3 Nf3 38. Rb6 Rc8 39. Rxb5 Rxc3 40. Kf4 Rxc2 41. a4 Rc8 42. a5 Kf7 43. a6 Ra8 44. Ra1 Nd4 45. Rb6 Ne6+ 46. Ke5 Nc5 47. Kd6 Ne6 48. a7 Rd8+ 49. Ke5 Nc7 50. Rb7 1-0

[Event "Turkey Cup 2020"]
[Site "Antalya-Belek"]
[Date "2020.01.30"]
[Round "7.85"]
[White "Ilbay, Hakki"]
[Black "Araboga, Nizamettin"]
[Result "0-1"]
[WhiteElo "1437"]
[BlackElo "1710"]
[Annotator "NA RC"]
[PlyCount "92"]
[EventDate "2020.01.26"]
[EventType "swiss"]
[EventCountry "TUR"]
[SourceTitle "playchess.com"]
[Source "ChessBase"]
[SourceQuality "1"]

1. e4 e5 2. Nf3 Nc6 3. Bb5 a6 4. Bxc6 dxc6 5. Nc3 Bg4 6. h3 Bh5 7. g4 Bg6 8. Nxe5 Bc5 9. Qe2 Qe7 10. Nf3 O-O-O 11. d3 h5 12. Rg1 hxg4 13. hxg4 f6 14. Be3 Bb4 15. Bd2 Rh3 16. O-O-O Qe6 17. Kb1 Bf7 18. b3 Ne7 19. Na4 Bxd2 20. Nxd2 Nd5 21. Qf1 Nf4 22. Nc3 Rdh8 23. Ne2 Qd6 24. Nxf4 Qxf4 25. Qe2 Rh2 26. Nf3 R2h3 27. Nd4 g6 28. Qd2 Qd6 29. Qc3 Rh2 30. Rdf1 R8h3 31. f4 c5 32. Nf3 Re2 33. e5 Qc6 34. Ne1 b5 35. exf6 c4 36. g5 Qd6 37. f5 b4 38. Qb2 cxd3 39. fxg6 Bxg6 40. f7 Bxf7 41. Rxf7 d2 42. Nd3 Rxd3 43. Qh8+ Kb7 44. Qh1+ Qd5 45. cxd3 Qxh1 46. Rxh1 Re1+ 0-1

[Event "Turkey Cup 2020"]
[Site "Antalya-Belek"]
[Date "2020.01.30"]
[Round "7.86"]
[White "Polat, Ahmet Eren"]
[Black "Mercanli, Abdullah Gokturk"]
[Result "1/2-1/2"]
[WhiteElo "1641"]
[BlackElo "1474"]
[Annotator "NA RC"]
[PlyCount "83"]
[EventDate "2020.01.26"]
[EventType "swiss"]
[EventCountry "TUR"]
[SourceTitle "playchess.com"]
[Source "ChessBase"]
[SourceQuality "1"]

1. e4 c5 2. Nc3 Nc6 3. g3 g6 4. Bg2 Bg7 5. d3 d6 6. Be3 e6 7. Qd2 Nge7 8. Bh6 O-O 9. h4 Bxh6 10. Qxh6 f6 11. Qd2 Nd4 12. Nd1 e5 13. c3 Ndc6 14. Ne3 Rb8 15. Ne2 b5 16. f4 h5 17. O-O exf4 18. Nxf4 Ne5 19. d4 Ng4 20. Nfd5 Nxd5 21. Nxd5 Be6 22. Nf4 Bf7 23. Bf3 Qc8 24. Bd1 b4 25. Bb3 c4 26. Bc2 bxc3 27. bxc3 Kg7 28. Rab1 Qd7 29. Ng2 d5 30. Qf4 Rxb1 31. Rxb1 Re8 32. Qf3 a5 33. Rb6 Re6 34. Rxe6 Bxe6 35. Nf4 dxe4 36. Bxe4 f5 37. Bc6 Qd6 38. d5 Qc5+ 39. Kh1 Bg8 40. Qe2 Nf2+ 41. Kg2 Ne4 42. Kh2 1/2-1/2

[Event "Turkey Cup 2020"]
[Site "Antalya-Belek"]
[Date "2020.01.30"]
[Round "7.87"]
[White "Kecili, Mustafa Firat"]
[Black "Kalinoglu, Yagiz"]
[Result "1-0"]
[WhiteElo "1673"]
[BlackElo "1304"]
[Annotator "NA"]
[PlyCount "105"]
[EventDate "2020.01.26"]
[EventType "swiss"]
[EventCountry "TUR"]
[SourceTitle "playchess.com"]
[Source "ChessBase"]
[SourceQuality "1"]

1. e4 e5 2. Nc3 Nf6 3. g3 Nc6 4. Bg2 Bc5 5. Nge2 d6 6. O-O O-O 7. d3 Be6 8. Nd5 Nd4 9. Nxd4 Bxd4 10. c3 Bb6 11. Bg5 Bxd5 12. exd5 h6 13. Bd2 Re8 14. a4 a6 15. a5 Ba7 16. Be3 Qd7 17. Bxa7 Rxa7 18. Qa4 Qd8 19. Rfe1 Ra8 20. b4 Nh7 21. c4 f5 22. b5 g5 23. Rab1 f4 24. bxa6 bxa6 25. Qc6 Rf8 26. Rb7 Rc8 27. d4 exd4 28. Bh3 fxg3 29. hxg3 Qf6 30. Rf1 g4 31. Bxg4 Ng5 32. Bxc8 Rxc8 33. Rxc7 Rf8 34. Rc8 Qf3 35. Rxf8+ Kxf8 36. Qxd6+ Kg8 37. Qg6+ Kf8 38. Qxh6+ Ke8 39. Qxg5 d3 40. Qe3+ Qxe3 41. fxe3 d2 42. Rd1 Kd8 43. Rxd2 Kc7 44. c5 Kd7 45. Rh2 Ke7 46. Rh7+ Kf6 47. c6 Ke5 48. c7 Kxd5 49. c8=Q Ke4 50. Re7+ Kd3 51. Qxa6+ Kd2 52. Rd7+ Kxe3 53. Qd3# 1-0

[Event "Turkey Cup 2020"]
[Site "Antalya-Belek"]
[Date "2020.01.30"]
[Round "7.88"]
[White "Bayramiclilar, Yusuf Ruzgar"]
[Black "Yanikoglu, Omer"]
[Result "1-0"]
[WhiteElo "1331"]
[BlackElo "1635"]
[Annotator "NA RC"]
[PlyCount "57"]
[EventDate "2020.01.26"]
[EventType "swiss"]
[EventCountry "TUR"]
[SourceTitle "playchess.com"]
[Source "ChessBase"]
[SourceQuality "1"]

1. e4 e5 2. Nf3 Nc6 3. Bb5 a6 4. Ba4 Nf6 5. O-O b5 6. Bb3 Be7 7. Re1 O-O 8. c3 d6 9. d4 Bb7 10. dxe5 Nxe5 11. Bd5 c6 12. Bb3 Qc7 13. Bf4 Rad8 14. Na3 a5 15. Nd4 b4 16. cxb4 axb4 17. Nc4 c5 18. Nb5 Qb8 19. Ncxd6 Ng6 20. Nxf7 Rxd1 21. Ng5+ Kh8 22. Bxb8 Rxe1+ 23. Rxe1 Rxb8 24. Nf7+ Kg8 25. Nc7 Bc8 26. Ng5+ Kf8 27. e5 Nxe5 28. Rxe5 Bd6 29. Nxh7+ 1-0

[Event "Turkey Cup 2020"]
[Site "Antalya-Belek"]
[Date "2020.01.30"]
[Round "7.89"]
[White "Ozsoy, Damla"]
[Black "Gozubuyukoglu, Selami"]
[Result "0-1"]
[WhiteElo "1440"]
[BlackElo "1716"]
[Annotator "NA RC"]
[PlyCount "96"]
[EventDate "2020.01.26"]
[EventType "swiss"]
[EventCountry "TUR"]
[SourceTitle "playchess.com"]
[Source "ChessBase"]
[SourceQuality "1"]

1. e4 e5 2. Nf3 Nc6 3. Bb5 Nf6 4. O-O Nxe4 5. d4 Nd6 6. Bxc6 dxc6 7. dxe5 Nf5 8. Qxd8+ Kxd8 9. Rd1+ Ke8 10. Nc3 Ne7 11. Ne2 c5 12. h3 Bf5 13. c4 Bc2 14. Rd2 Be4 15. Ng5 Bg6 16. f4 h6 17. Nf3 Be4 18. Nc3 Bxf3 19. gxf3 c6 20. Ne4 Nf5 21. b3 Rd8 22. Rxd8+ Kxd8 23. Ba3 b6 24. Rd1+ Kc7 25. Bb2 Be7 26. Bc3 Rd8 27. Rxd8 Kxd8 28. a4 Kd7 29. Kf1 Ke6 30. Kg2 a6 31. Nf2 b5 32. axb5 cxb5 33. cxb5 axb5 34. Nd3 Kd5 35. Nc1 c4 36. b4 Ne3+ 37. Kg1 Ke6 38. Ne2 Nf5 39. Kf2 Bd8 40. Nd4+ Nxd4 41. Bxd4 g6 42. Ke3 Kf5 43. Bc3 Bb6+ 44. Ke2 h5 45. Bd2 Bg1 46. Ke1 Bh2 47. Ke2 Bxf4 48. Bxf4 Kxf4 0-1

[Event "Turkey Cup 2020"]
[Site "Antalya-Belek"]
[Date "2020.01.30"]
[Round "7.90"]
[White "Isikli, Murat Sedat"]
[Black "Citil, Feyzullah"]
[Result "0-1"]
[WhiteElo "1400"]
[BlackElo "1636"]
[Annotator "NA RC"]
[PlyCount "36"]
[EventDate "2020.01.26"]
[EventType "swiss"]
[EventCountry "TUR"]
[SourceTitle "playchess.com"]
[Source "ChessBase"]
[SourceQuality "1"]

1. e4 d5 2. exd5 Nf6 3. Bc4 Nxd5 4. d4 c6 5. Nf3 Bg4 6. O-O e6 7. Be3 Bd6 8. Nbd2 f5 9. Nb3 Nd7 10. Be2 Qc7 11. h3 h5 12. Ng5 O-O-O 13. Nxe6 Bh2+ 14. Kh1 Nxe3 15. fxe3 Qg3 16. Nxd8 Bxh3 17. gxh3 Qxh3 18. Rf3 Bg3+ 0-1

[Event "Turkey Cup 2020"]
[Site "Antalya-Belek"]
[Date "2020.01.30"]
[Round "7.92"]
[White "Ozturk, Oguzhan"]
[Black "Engin, Cagla"]
[Result "1-0"]
[WhiteElo "1630"]
[BlackElo "1418"]
[Annotator "NA RC"]
[PlyCount "73"]
[EventDate "2020.01.26"]
[EventType "swiss"]
[EventCountry "TUR"]
[SourceTitle "playchess.com"]
[Source "ChessBase"]
[SourceQuality "1"]

1. d4 d5 2. c4 e6 3. Nc3 Nf6 4. cxd5 exd5 5. Bg5 Be7 6. e3 c6 7. Bd3 Nbd7 8. Qc2 h6 9. Bh4 Nf8 10. Nge2 Ne6 11. O-O Ng5 12. a3 Bd6 13. Bg3 Ng4 14. Bf5 h5 15. Bxc8 Rxc8 16. h3 Bxg3 17. Nxg3 Nf6 18. Qf5 Ne6 19. Rfe1 h4 20. Nge2 Rh5 21. Qd3 g5 22. f3 Kf8 23. e4 c5 24. e5 cxd4 25. Nxd4 Nxd4 26. Qxd4 Ne8 27. Nxd5 Nc7 28. Qb4+ Kg7 29. Nf6 Rh8 30. Rad1 Qf8 31. Rd6 Rd8 32. Red1 Qe7 33. Rxd8 Rxd8 34. Qxe7 Rxd1+ 35. Kf2 Ne6 36. Ne8+ Kg6 37. Nd6 1-0

[Event "Turkey Cup 2020"]
[Site "Antalya-Belek"]
[Date "2020.01.30"]
[Round "7.93"]
[White "Araboga, Mesut"]
[Black "Aydin, Ataberk"]
[Result "0-1"]
[WhiteElo "1627"]
[BlackElo "1283"]
[Annotator "NA RC"]
[PlyCount "70"]
[EventDate "2020.01.26"]
[EventType "swiss"]
[EventCountry "TUR"]
[SourceTitle "playchess.com"]
[Source "ChessBase"]
[SourceQuality "1"]

1. e4 e5 2. d4 exd4 3. c3 dxc3 4. Nxc3 Nc6 5. Bc4 Bb4 6. Bd2 Nf6 7. Nf3 d6 8. O-O Bg4 9. Re1 O-O 10. Qb3 Rb8 11. Ng5 Qd7 12. Re3 Bc5 13. Rg3 Ne5 14. h3 Nxc4 15. Qxc4 Be6 16. Qe2 Rfe8 17. Re1 Kf8 18. Kh1 h6 19. Nxe6+ Rxe6 20. f4 Rbe8 21. Qf3 Qc6 22. f5 R6e7 23. Bxh6 gxh6 24. Qf4 Re5 25. Qxh6+ Ke7 26. Rg7 d5 27. Qg6 Rf8 28. Qg5 dxe4 29. h4 Rh8 30. g4 Bf2 31. Rxf7+ Kxf7 32. Qg6+ Kf8 33. Kg2 Bxe1 34. g5 Bxc3 35. gxf6 Rg8 0-1

[Event "Turkey Cup 2020"]
[Site "Antalya-Belek"]
[Date "2020.01.30"]
[Round "7.94"]
[White "Yalovali, Gorkem"]
[Black "Satiroglu, Kaan"]
[Result "1/2-1/2"]
[WhiteElo "1420"]
[BlackElo "1640"]
[Annotator "NA RC"]
[PlyCount "115"]
[EventDate "2020.01.26"]
[EventType "swiss"]
[EventCountry "TUR"]
[SourceTitle "playchess.com"]
[Source "ChessBase"]
[SourceQuality "1"]

1. c4 e5 2. Nc3 Nf6 3. g3 d5 4. cxd5 Nxd5 5. Bg2 Nb6 6. Nf3 Nc6 7. O-O Be7 8. a3 a5 9. d3 O-O 10. Bd2 Be6 11. h3 a4 12. Rc1 f6 13. Be3 Bb3 14. Qd2 Nd5 15. Nxd5 Bxd5 16. Qc3 Kh8 17. Rfd1 Bd6 18. d4 e4 19. Nd2 Qe8 20. Nc4 Bxc4 21. Qxc4 f5 22. Rc3 Qh5 23. Re1 Nd8 24. Bf4 Bxf4 25. gxf4 c6 26. d5 Qf7 27. dxc6 Nxc6 28. Qxf7 Rxf7 29. f3 exf3 30. Bxf3 Nd4 31. Bg2 Re7 32. Kf2 g6 33. e3 Nb5 34. Rc5 Nd6 35. Rd1 Ra6 36. Rd4 Kg7 37. Rcd5 Re6 38. Rb4 Rc6 39. Rd2 Rc4 40. Rxd6 Rc2+ 41. Kg3 Rxd6 42. Rxb7+ Kh6 43. Bf1 Rdd2 44. Rb4 Rxb2 45. Rxa4 Rf2 46. Bc4 Kh5 47. Bd5 Rfd2 48. Ra7 g5 49. Bf3+ Kg6 50. Ra6+ Kg7 51. fxg5 Rd3 52. Kf4 Rbb3 53. Ra7+ Kf8 54. Rxh7 Rxe3 55. Bd5 Rbd3 56. g6 Rg3 57. Bf7 Rxh3 58. Rxh3 1/2-1/2